[Event "Heldur Valgmäe I Rapid Memorial"]
[Site "Viljandi, Estonia"]
[Date "2021.07.03"]
[Round "3.2"]
[White "Laurusas, Tomas"]
[Black "Kukk, Sander"]
[Result "1-0"]
[WhiteElo "2576"]
[BlackElo "2418"]

1. d4 {[%clk 00:15:03]} {[%emt 00:00:01]} g6 {[%clk 00:15:03]} {[%emt
00:00:01]} 2. c4 {[%clk 00:15:01]} {[%emt 00:00:03]} Bg7 {[%clk 00:15:04]}
{[%emt 00:00:01]} 3. e4 {[%clk 00:15:02]} {[%emt 00:00:01]} d6 {[%clk
00:15:04]} {[%emt 00:00:02]} 4. Nc3 {[%clk 00:14:39]} {[%emt 00:00:24]} Nf6
{[%clk 00:15:04]} {[%emt 00:00:01]} 5. Be2 {[%clk 00:14:39]} {[%emt 00:00:02]}
O-O {[%clk 00:15:03]} {[%emt 00:00:03]} 6. Nf3 {[%clk 00:14:40]} {[%emt
00:00:01]} Nc6 {[%clk 00:14:25]} {[%emt 00:00:41]} 7. d5 {[%clk 00:13:46]}
{[%emt 00:00:56]} Nb4 {[%clk 00:14:26]} {[%emt 00:00:01]} 8. O-O {[%clk
00:13:38]} {[%emt 00:00:10]} a5 {[%clk 00:14:27]} {[%emt 00:00:01]} 9. Re1
{[%clk 00:13:08]} {[%emt 00:00:31]} e6 {[%clk 00:13:51]} {[%emt 00:00:39]} 10.
Be3 {[%clk 00:11:49]} {[%emt 00:01:19]} Re8 {[%clk 00:13:49]} {[%emt 00:00:05]}
11. Nd2 {[%clk 00:11:49]} {[%emt 00:00:02]} c6 {[%clk 00:13:29]} {[%emt
00:00:22]} 12. dxe6 {[%clk 00:10:51]} {[%emt 00:01:00]} Bxe6 {[%clk 00:13:24]}
{[%emt 00:00:07]} 13. a3 {[%clk 00:10:46]} {[%emt 00:00:08]} Na6 {[%clk
00:13:24]} {[%emt 00:00:02]} 14. Qc2 {[%clk 00:10:47]} {[%emt 00:00:01]} Nc5
{[%clk 00:12:32]} {[%emt 00:00:54]} 15. Rad1 {[%clk 00:09:55]} {[%emt
00:00:53]} Qc7 {[%clk 00:12:30]} {[%emt 00:00:03]} 16. b3 {[%clk 00:07:09]}
{[%emt 00:02:49]} Ng4 {[%clk 00:10:57]} {[%emt 00:01:35]} 17. Bxg4 {[%clk
00:06:27]} {[%emt 00:00:43]} Bxg4 {[%clk 00:10:57]} {[%emt 00:00:02]} 18. Rb1
{[%clk 00:06:02]} {[%emt 00:00:28]} Rad8 {[%clk 00:10:17]} {[%emt 00:00:43]} 19.
b4 {[%clk 00:05:42]} {[%emt 00:00:21]} axb4 {[%clk 00:10:09]} {[%emt 00:00:10]}
20. axb4 {[%clk 00:05:44]} {[%emt 00:00:01]} Na6 {[%clk 00:09:56]} {[%emt
00:00:14]} 21. c5 {[%clk 00:04:04]} {[%emt 00:01:42]} d5 {[%clk 00:09:07]}
{[%emt 00:00:51]} 22. exd5 {[%clk 00:03:54]} {[%emt 00:00:12]} Bf5 {[%clk
00:09:05]} {[%emt 00:00:04]} 23. Qb3 {[%clk 00:03:33]} {[%emt 00:00:23]} cxd5
{[%clk 00:07:32]} {[%emt 00:01:35]} 24. Nb5 {[%clk 00:02:56]} {[%emt 00:00:38]}
Qe5 {[%clk 00:07:09]} {[%emt 00:00:26]} 25. Nf3 {[%clk 00:02:51]} {[%emt
00:00:08]} Qb8 {[%clk 00:05:52]} {[%emt 00:01:18]} 26. Rbc1 {[%clk 00:02:32]}
{[%emt 00:00:21]} Bf8 {[%clk 00:05:46]} {[%emt 00:00:08]} 27. Nfd4 {[%clk
00:01:50]} {[%emt 00:00:44]} Bd7 {[%clk 00:05:33]} {[%emt 00:00:15]} 28. Nc3
{[%clk 00:01:51]} {[%emt 00:00:01]} Be6 {[%clk 00:05:12]} {[%emt 00:00:22]} 29.
Bg5 {[%clk 00:01:36]} {[%emt 00:00:16]} Be7 {[%clk 00:04:55]} {[%emt 00:00:19]}
30. Bxe7 {[%clk 00:01:36]} {[%emt 00:00:02]} Rxe7 {[%clk 00:04:57]} 31. Qa3
{[%clk 00:01:02]} {[%emt 00:00:37]} Qf4 {[%clk 00:04:04]} {[%emt 00:00:54]} 32.
Rcd1 {[%clk 00:01:04]} Rde8 {[%clk 00:03:46]} {[%emt 00:00:22]} 33. Nce2 {[%clk
00:00:34]} {[%emt 00:00:32]} Qg5 {[%clk 00:02:40]} {[%emt 00:01:07]} 34. b5
{[%clk 00:00:35]} Nb8 {[%clk 00:02:30]} {[%emt 00:00:13]} 35. Qg3 {[%clk
00:00:22]} {[%emt 00:00:14]} Qf6 {[%clk 00:01:53]} {[%emt 00:00:39]} 36. Qd6
{[%clk 00:00:22]} {[%emt 00:00:02]} Nd7 {[%clk 00:01:34]} {[%emt 00:00:22]} 37.
c6 {[%clk 00:00:17]} {[%emt 00:00:06]} Ne5 {[%clk 00:01:34]} {[%emt 00:00:02]}
38. Ng3 {[%clk 00:00:06]} {[%emt 00:00:13]} Nc4 {[%clk 00:01:33]} {[%emt
00:00:04]} 39. Qc5 {[%clk 00:00:07]} b6 {[%clk 00:01:27]} {[%emt 00:00:07]} 40.
Qb4 {[%clk 00:00:08]} Bg4 {[%clk 00:01:09]} {[%emt 00:00:20]} 41. Nf3 {[%clk
00:00:09]} {[%emt 00:00:01]} Bxf3 {[%clk 00:01:08]} {[%emt 00:00:04]} 42. gxf3
{[%clk 00:00:10]} Ne5 {[%clk 00:00:57]} {[%emt 00:00:13]} 43. Kf1 {[%clk
00:00:11]} Nxf3 {[%clk 00:00:53]} {[%emt 00:00:06]} 44. Rxe7 {[%clk 00:00:12]}
Rxe7 {[%clk 00:00:54]} 45. Rc1 {[%clk 00:00:05]} {[%emt 00:00:09]} Nxh2+ {[%clk
00:00:42]} {[%emt 00:00:14]} 46. Kg2 {[%clk 00:00:06]} {[%emt 00:00:01]} Qf3+
{[%clk 00:00:43]} {[%emt 00:00:01]} 47. Kxh2 {[%clk 00:00:07]} Qxf2+ {[%emt
00:00:01]} 48. Kh3 Re2 {[%clk 00:00:27]} {[%emt 00:00:19]} 49. Nxe2 {[%clk
00:00:08]} {[%emt 00:00:02]} Qxe2 {[%clk 00:00:27]} {[%emt 00:00:02]} 50. Qf4
{[%clk 00:00:09]} {[%emt 00:00:01]} Qd3+ {[%clk 00:00:16]} {[%emt 00:00:14]} 51.
Kg2 {[%clk 00:00:09]} {[%emt 00:00:01]} Qe2+ {[%clk 00:00:17]} {[%emt
00:00:02]} 52. Kg3 {[%clk 00:00:10]} {[%emt 00:00:02]} Qd3+ {[%clk 00:00:18]}
53. Kf2 {[%clk 00:00:11]} 1-0

[Event "Heldur Valgmäe I Rapid Memorial"]
[Site "Viljandi, Estonia"]
[Date "2021.07.03"]
[Round "3.3"]
[White "Pedoson, Georg Aleksander"]
[Black "Pultinevicius, Paulius"]
[Result "0-1"]
[WhiteElo "2352"]
[BlackElo "2519"]

1. c4 {[%clk 00:15:02]} {[%emt 00:00:01]} c6 {[%clk 00:14:52]} {[%emt
00:00:12]} 2. Nf3 {[%clk 00:14:50]} {[%emt 00:00:14]} d5 {[%clk 00:14:53]}
{[%emt 00:00:02]} 3. e3 {[%clk 00:14:50]} {[%emt 00:00:01]} Nf6 {[%clk
00:14:44]} {[%emt 00:00:11]} 4. d4 {[%clk 00:14:20]} {[%emt 00:00:32]} Bf5
{[%clk 00:13:59]} {[%emt 00:00:47]} 5. Nc3 {[%clk 00:13:06]} {[%emt 00:01:17]}
e6 {[%clk 00:13:58]} {[%emt 00:00:03]} 6. Bd3 {[%clk 00:12:34]} {[%emt
00:00:34]} Bxd3 {[%clk 00:13:54]} {[%emt 00:00:06]} 7. Qxd3 {[%clk 00:12:33]}
{[%emt 00:00:02]} Nbd7 {[%clk 00:13:51]} {[%emt 00:00:06]} 8. O-O {[%clk
00:12:04]} {[%emt 00:00:31]} Nb6 {[%clk 00:11:43]} {[%emt 00:02:10]} 9. cxd5
{[%clk 00:11:08]} {[%emt 00:00:58]} cxd5 {[%clk 00:11:37]} {[%emt 00:00:08]} 10.
Ne5 {[%clk 00:10:59]} {[%emt 00:00:11]} a6 {[%clk 00:11:31]} {[%emt 00:00:09]}
11. f4 {[%clk 00:10:54]} {[%emt 00:00:07]} g6 {[%clk 00:11:27]} {[%emt
00:00:06]} 12. b3 {[%clk 00:10:17]} {[%emt 00:00:39]} Nc8 {[%clk 00:11:20]}
{[%emt 00:00:09]} 13. Bd2 {[%clk 00:08:09]} {[%emt 00:02:09]} Be7 {[%clk
00:10:12]} {[%emt 00:01:10]} 14. Be1 {[%clk 00:07:52]} {[%emt 00:00:19]} Nd6
{[%clk 00:10:04]} {[%emt 00:00:11]} 15. Bh4 {[%clk 00:07:34]} {[%emt 00:00:19]}
O-O {[%clk 00:08:22]} {[%emt 00:01:43]} 16. Bxf6 {[%clk 00:07:01]} {[%emt
00:00:36]} Bxf6 {[%clk 00:08:23]} {[%emt 00:00:01]} 17. Rac1 {[%clk 00:06:29]}
{[%emt 00:00:34]} Rc8 {[%clk 00:08:18]} {[%emt 00:00:08]} 18. Nf3 {[%clk
00:06:10]} {[%emt 00:00:20]} Be7 {[%clk 00:08:02]} {[%emt 00:00:19]} 19. Rc2
{[%clk 00:05:56]} {[%emt 00:00:17]} b5 {[%clk 00:05:12]} {[%emt 00:02:51]} 20.
Rfc1 {[%clk 00:05:36]} {[%emt 00:00:22]} f6 {[%clk 00:05:13]} {[%emt 00:00:02]}
21. Ne2 {[%clk 00:05:04]} {[%emt 00:00:34]} Qd7 {[%clk 00:05:00]} {[%emt
00:00:15]} 22. Rxc8 {[%clk 00:04:57]} {[%emt 00:00:08]} Rxc8 {[%clk 00:04:59]}
{[%emt 00:00:03]} 23. Rxc8+ {[%clk 00:04:31]} {[%emt 00:00:29]} Qxc8 {[%clk
00:05:00]} {[%emt 00:00:01]} 24. Qc3 {[%clk 00:04:31]} {[%emt 00:00:01]} Qb7
{[%clk 00:05:00]} {[%emt 00:00:02]} 25. Qc2 {[%clk 00:03:22]} {[%emt 00:01:10]}
a5 {[%clk 00:04:32]} {[%emt 00:00:30]} 26. Ne1 {[%clk 00:03:18]} {[%emt
00:00:06]} b4 {[%clk 00:04:15]} {[%emt 00:00:20]} 27. Nd3 {[%clk 00:02:36]}
{[%emt 00:00:44]} Kf7 {[%clk 00:03:50]} {[%emt 00:00:27]} 28. Qc1 {[%clk
00:02:16]} {[%emt 00:00:23]} Qb5 {[%clk 00:01:47]} {[%emt 00:02:05]} 29. Qc2
{[%clk 00:02:15]} {[%emt 00:00:03]} h5 {[%clk 00:01:46]} {[%emt 00:00:03]} 30.
g3 {[%clk 00:01:55]} {[%emt 00:00:22]} Ne4 {[%clk 00:01:45]} {[%emt 00:00:03]}
31. Kg2 {[%clk 00:01:52]} {[%emt 00:00:05]} a4 {[%clk 00:01:10]} {[%emt
00:00:38]} 32. Nf2 {[%clk 00:00:36]} {[%emt 00:01:18]} axb3 {[%clk 00:01:04]}
{[%emt 00:00:08]} 33. axb3 {[%clk 00:00:37]} {[%emt 00:00:01]} Nd6 {[%clk
00:00:55]} {[%emt 00:00:11]} 34. Nd3 {[%clk 00:00:26]} {[%emt 00:00:14]} Nf5
{[%clk 00:00:55]} {[%emt 00:00:02]} 35. Kf2 {[%clk 00:00:24]} {[%emt 00:00:04]}
Qa6 {[%clk 00:00:56]} {[%emt 00:00:02]} 36. Nec1 {[%clk 00:00:13]} {[%emt
00:00:13]} Qa8 {[%clk 00:00:48]} {[%emt 00:00:09]} 37. Qa2 {[%clk 00:00:08]}
{[%emt 00:00:07]} Qc6 {[%clk 00:00:48]} {[%emt 00:00:02]} 38. Ne2 {[%clk
00:00:09]} {[%emt 00:00:01]} Nd6 {[%clk 00:00:38]} {[%emt 00:00:12]} 39. Kg2
{[%clk 00:00:11]} Qc8 {[%clk 00:00:17]} {[%emt 00:00:24]} 40. Nxb4 {[%clk
00:00:07]} {[%emt 00:00:06]} Nf5 {[%clk 00:00:18]} {[%emt 00:00:01]} 41. Nd3
{[%clk 00:00:04]} {[%emt 00:00:05]} Nxe3+ {[%clk 00:00:18]} {[%emt 00:00:01]}
42. Kf3 {[%clk 00:00:05]} Nf5 {[%clk 00:00:14]} {[%emt 00:00:06]} 43. h3 {[%clk
00:00:05]} {[%emt 00:00:02]} Qc6 {[%clk 00:00:10]} {[%emt 00:00:06]} 44. Qa4
{[%clk 00:00:06]} {[%emt 00:00:01]} Qc2 {[%clk 00:00:10]} {[%emt 00:00:02]} 45.
Qd7 {[%clk 00:00:04]} {[%emt 00:00:04]} Qxd3+ {[%clk 00:00:09]} {[%emt
00:00:03]} 0-1

[Event "Heldur Valgmäe I Rapid Memorial"]
[Site "Viljandi, Estonia"]
[Date "2021.07.03"]
[Round "3.4"]
[White "Volodin, Aleksandr"]
[Black "Shvyrjov, Igor"]
[Result "0-1"]
[WhiteElo "2518"]
[BlackElo "2285"]

1. d4 {[%clk 00:15:03]} {[%emt 00:15:57]} d6 {[%clk 00:14:11]} {[%emt
00:00:53]} 2. g3 {[%clk 00:15:00]} {[%emt 00:00:04]} Nf6 {[%clk 00:14:09]}
{[%emt 00:00:05]} 3. Bg2 {[%emt 00:00:02]} g6 {[%emt 00:00:01]} 4. c4 {[%clk
00:14:45]} {[%emt 00:00:17]} Bg7 {[%clk 00:14:11]} {[%emt 00:00:01]} 5. Nc3
{[%clk 00:14:45]} {[%emt 00:00:02]} O-O {[%clk 00:14:11]} {[%emt 00:00:03]} 6.
e3 {[%clk 00:14:33]} {[%emt 00:00:13]} c6 {[%clk 00:14:09]} {[%emt 00:00:04]} 7.
Nge2 {[%clk 00:14:33]} {[%emt 00:00:02]} Bg4 {[%clk 00:14:07]} {[%emt
00:00:04]} 8. O-O {[%clk 00:14:31]} {[%emt 00:00:04]} Qc8 {[%clk 00:14:03]}
{[%emt 00:00:07]} 9. Re1 {[%clk 00:14:10]} {[%emt 00:00:22]} e5 {[%clk
00:14:02]} {[%emt 00:00:03]} 10. Qb3 {[%clk 00:13:44]} {[%emt 00:00:28]} h5
{[%clk 00:13:06]} {[%emt 00:00:58]} 11. Qa3 {[%clk 00:11:32]} {[%emt 00:02:14]}
Rd8 {[%clk 00:12:37]} {[%emt 00:00:31]} 12. d5 {[%clk 00:11:11]} {[%emt
00:00:23]} Bh3 {[%clk 00:10:45]} {[%emt 00:01:54]} 13. Bh1 {[%clk 00:10:51]}
{[%emt 00:00:21]} c5 {[%clk 00:06:16]} {[%emt 00:04:32]} 14. e4 {[%clk
00:10:13]} {[%emt 00:00:39]} Na6 {[%clk 00:06:10]} {[%emt 00:00:08]} 15. Qb3
{[%clk 00:08:43]} {[%emt 00:01:32]} Rb8 {[%clk 00:05:55]} {[%emt 00:00:17]} 16.
Nb5 {[%clk 00:07:50]} {[%emt 00:00:55]} Ra8 {[%clk 00:05:48]} {[%emt 00:00:10]}
17. Bg5 {[%clk 00:06:27]} {[%emt 00:01:25]} Nc7 {[%clk 00:05:41]} {[%emt
00:00:09]} 18. Nbc3 {[%clk 00:06:04]} {[%emt 00:00:25]} b6 {[%clk 00:05:12]}
{[%emt 00:00:32]} 19. f3 {[%clk 00:05:43]} {[%emt 00:00:22]} Re8 {[%clk
00:05:05]} {[%emt 00:00:09]} 20. Qc2 {[%clk 00:05:21]} {[%emt 00:00:24]} Qd7
{[%clk 00:04:47]} {[%emt 00:00:20]} 21. Nd1 {[%clk 00:05:16]} {[%emt 00:00:07]}
Nh7 {[%clk 00:04:26]} {[%emt 00:00:23]} 22. Be3 {[%clk 00:05:11]} {[%emt
00:00:06]} b5 {[%clk 00:04:19]} {[%emt 00:00:10]} 23. b3 {[%clk 00:05:12]}
{[%emt 00:00:01]} Rab8 {[%clk 00:04:15]} {[%emt 00:00:06]} 24. Nf2 {[%clk
00:05:11]} {[%emt 00:00:02]} Qc8 {[%clk 00:03:53]} {[%emt 00:00:24]} 25. Rac1
{[%clk 00:04:40]} {[%emt 00:00:33]} Na6 {[%clk 00:03:37]} {[%emt 00:00:19]} 26.
cxb5 {[%clk 00:03:21]} {[%emt 00:01:21]} Rxb5 {[%clk 00:03:38]} 27. Qd3 {[%clk
00:02:36]} {[%emt 00:00:47]} Bd7 {[%clk 00:03:37]} {[%emt 00:00:04]} 28. Bg2
{[%clk 00:02:36]} {[%emt 00:00:01]} Nb4 {[%clk 00:03:35]} {[%emt 00:00:04]} 29.
Qd2 {[%clk 00:02:34]} {[%emt 00:00:04]} Qa6 {[%clk 00:03:36]} {[%emt 00:00:02]}
30. a4 {[%clk 00:02:07]} {[%emt 00:00:30]} Rb7 {[%clk 00:02:49]} {[%emt
00:00:48]} 31. Bf1 {[%clk 00:02:07]} {[%emt 00:00:02]} Qb6 {[%clk 00:02:48]}
{[%emt 00:00:04]} 32. Nc3 {[%clk 00:01:55]} {[%emt 00:00:14]} Reb8 {[%clk
00:02:28]} {[%emt 00:00:22]} 33. Bc4 {[%clk 00:01:47]} {[%emt 00:00:10]} Qd8
{[%clk 00:01:56]} {[%emt 00:00:34]} 34. Kg2 {[%clk 00:01:44]} {[%emt 00:00:07]}
Bf6 {[%clk 00:01:55]} {[%emt 00:00:05]} 35. h4 {[%clk 00:01:40]} {[%emt
00:00:06]} Bg7 {[%clk 00:01:56]} 36. Rf1 {[%clk 00:01:19]} {[%emt 00:00:23]}
Qe7 {[%clk 00:01:56]} {[%emt 00:00:02]} 37. Rce1 {[%clk 00:01:17]} {[%emt
00:00:03]} Rf8 {[%clk 00:01:51]} {[%emt 00:00:08]} 38. Kh2 {[%clk 00:01:12]}
{[%emt 00:00:07]} f5 {[%clk 00:01:50]} {[%emt 00:00:04]} 39. f4 {[%clk
00:00:39]} {[%emt 00:00:35]} Kh8 {[%clk 00:01:23]} {[%emt 00:00:29]} 40. Ne2
{[%clk 00:00:33]} {[%emt 00:00:07]} fxe4 {[%clk 00:01:12]} {[%emt 00:00:13]} 41.
Nxe4 {[%clk 00:00:31]} {[%emt 00:00:04]} exf4 {[%clk 00:01:10]} {[%emt
00:00:04]} 42. Nxf4 {[%clk 00:00:21]} {[%emt 00:00:13]} Qxe4 {[%clk 00:01:06]}
{[%emt 00:00:06]} 43. Bxc5 {[%clk 00:00:08]} {[%emt 00:00:14]} Qf5 {[%clk
00:00:42]} {[%emt 00:00:27]} 44. Bxb4 {[%clk 00:00:06]} {[%emt 00:00:04]} Be5
{[%clk 00:00:40]} {[%emt 00:00:04]} 45. Bc3 {[%clk 00:00:04]} {[%emt 00:00:03]}
Nf6 {[%clk 00:00:35]} {[%emt 00:00:07]} 46. Bxe5 {[%clk 00:00:05]} {[%emt
00:00:01]} dxe5 {[%clk 00:00:37]} 47. Ng2 {[%clk 00:00:03]} {[%emt 00:00:04]}
Qh3+ {[%emt 00:00:07]} 48. Kg1 Ng4 {[%clk 00:00:27]} {[%emt 00:00:07]} 49.
Rxf8+ {[%emt 00:00:02]} Kg7 50. Rf6 {[%clk 00:00:03]} {[%emt 00:00:04]} Qh2+
{[%emt 00:00:12]} 51. Kf1 Qh1+ {[%clk 00:00:19]} {[%emt 00:00:01]} 52. Ke2
{[%clk 00:00:06]} Qxg2+ {[%clk 00:00:20]} 53. Kd1 {[%clk 00:00:08]} Qxd2+
{[%clk 00:00:19]} {[%emt 00:00:03]} 54. Kxd2 {[%emt 00:00:01]} Kxf6 {[%clk
00:00:19]} 55. Rf1+ {[%clk 00:00:10]} {[%emt 00:00:01]} Ke7 {[%clk 00:00:18]}
{[%emt 00:00:03]} 56. Re1 {[%clk 00:00:04]} {[%emt 00:00:08]} Kd6 {[%clk
00:00:19]} {[%emt 00:00:01]} 57. Kc3 {[%clk 00:00:05]} a5 {[%clk 00:00:19]}
{[%emt 00:00:02]} 58. Rf1 {[%clk 00:00:06]} {[%emt 00:00:01]} Bf5 {[%clk
00:00:21]} 59. Re1 {[%clk 00:00:04]} {[%emt 00:00:05]} Nf2 {[%clk 00:00:08]}
{[%emt 00:00:14]} 60. Rf1 {[%clk 00:00:03]} {[%emt 00:00:02]} Ne4+ {[%clk
00:00:09]} 61. Kb2 {[%clk 00:00:04]} Nxg3 {[%clk 00:00:09]} {[%emt 00:00:03]}
62. Rg1 {[%clk 00:00:06]} Ne4 {[%clk 00:00:09]} {[%emt 00:00:02]} 63. Ka3
{[%clk 00:00:06]} {[%emt 00:00:02]} Nd2 {[%clk 00:00:09]} {[%emt 00:00:02]} 64.
Bb5 {[%clk 00:00:06]} {[%emt 00:00:02]} Nf3 {[%clk 00:00:09]} {[%emt 00:00:02]}
65. Rc1 {[%clk 00:00:06]} {[%emt 00:00:02]} Rc7 {[%clk 00:00:09]} {[%emt
00:00:01]} 66. Bc6 {[%clk 00:00:07]} {[%emt 00:00:01]} Nd4 {[%clk 00:00:10]}
{[%emt 00:00:01]} 67. b4 {[%clk 00:00:05]} {[%emt 00:00:04]} axb4+ {[%clk
00:00:11]} {[%emt 00:00:01]} 68. Kxb4 {[%clk 00:00:06]} {[%emt 00:00:01]} Nxc6+
{[%clk 00:00:12]} {[%emt 00:00:01]} 69. dxc6 {[%clk 00:00:07]} Rxc6 {[%clk
00:00:14]} 70. Rd1+ {[%clk 00:00:08]} Ke6 {[%emt 00:00:01]} 0-1

[Event "Heldur Valgmäe I Rapid Memorial"]
[Site "Viljandi, Estonia"]
[Date "2021.07.03"]
[Round "3.5"]
[White "Miezis, Normunds"]
[Black "Sinitsina, Anastassia"]
[Result "1-0"]
[WhiteElo "2437"]
[BlackElo "2229"]

1. c4 {[%clk 00:15:01]} {[%emt 00:00:02]} Nf6 {[%clk 00:15:02]} {[%emt
00:00:03]} 2. Nc3 {[%clk 00:14:59]} {[%emt 00:00:03]} g6 {[%clk 00:15:01]}
{[%emt 00:00:04]} 3. g3 {[%clk 00:14:56]} {[%emt 00:00:04]} Bg7 {[%clk
00:15:01]} {[%emt 00:00:03]} 4. Bg2 {[%clk 00:14:55]} {[%emt 00:00:03]} d6
{[%clk 00:14:56]} {[%emt 00:00:07]} 5. e4 {[%clk 00:14:48]} {[%emt 00:00:08]}
Nbd7 {[%clk 00:14:35]} {[%emt 00:00:24]} 6. Nge2 {[%clk 00:14:40]} {[%emt
00:00:09]} c6 {[%clk 00:14:24]} {[%emt 00:00:14]} 7. d4 {[%clk 00:14:31]}
{[%emt 00:00:10]} e5 {[%clk 00:14:15]} {[%emt 00:00:12]} 8. O-O {[%clk
00:14:23]} {[%emt 00:00:09]} O-O {[%clk 00:14:14]} {[%emt 00:00:04]} 9. h3
{[%clk 00:14:16]} {[%emt 00:00:09]} a5 {[%clk 00:14:01]} {[%emt 00:00:16]} 10.
Be3 {[%clk 00:14:09]} {[%emt 00:00:09]} exd4 {[%clk 00:13:56]} {[%emt
00:00:07]} 11. Nxd4 {[%clk 00:13:53]} {[%emt 00:00:17]} Nc5 {[%clk 00:13:57]}
{[%emt 00:00:02]} 12. Qc2 {[%clk 00:12:46]} {[%emt 00:01:07]} Re8 {[%clk
00:13:53]} {[%emt 00:00:07]} 13. Rad1 {[%clk 00:12:34]} {[%emt 00:00:13]} Qe7
{[%clk 00:13:31]} {[%emt 00:00:24]} 14. Rfe1 {[%clk 00:12:09]} {[%emt
00:00:27]} h6 {[%clk 00:13:03]} {[%emt 00:00:31]} 15. Bf4 {[%clk 00:11:30]}
{[%emt 00:00:39]} Ncd7 {[%clk 00:12:28]} {[%emt 00:00:38]} 16. b3 {[%clk
00:10:55]} {[%emt 00:00:37]} Nh5 {[%clk 00:12:15]} {[%emt 00:00:15]} 17. Bc1
{[%clk 00:10:33]} {[%emt 00:00:24]} Nc5 {[%clk 00:12:05]} {[%emt 00:00:13]} 18.
g4 {[%clk 00:10:18]} {[%emt 00:00:17]} Nf6 {[%clk 00:12:06]} {[%emt 00:00:02]}
19. Bf4 {[%clk 00:10:15]} {[%emt 00:00:04]} Nfd7 {[%clk 00:11:46]} {[%emt
00:00:23]} 20. Bg3 {[%clk 00:09:54]} {[%emt 00:00:22]} Ne5 {[%clk 00:11:10]}
{[%emt 00:00:39]} 21. f4 {[%emt 00:00:12]} Ned7 {[%emt 00:00:01]} 22. Qd2
{[%clk 00:09:27]} {[%emt 00:00:17]} Nf8 {[%clk 00:10:59]} {[%emt 00:00:16]} 23.
Kh2 {[%clk 00:08:41]} {[%emt 00:00:47]} Kh7 {[%clk 00:09:49]} {[%emt 00:01:13]}
24. Nde2 {[%clk 00:08:33]} {[%emt 00:00:08]} a4 {[%clk 00:09:03]} {[%emt
00:00:50]} 25. b4 {[%clk 00:08:18]} {[%emt 00:00:17]} Na6 {[%clk 00:08:56]}
{[%emt 00:00:09]} 26. a3 {[%clk 00:08:12]} {[%emt 00:00:07]} Be6 {[%clk
00:08:54]} {[%emt 00:00:04]} 27. Qd3 {[%clk 00:08:02]} {[%emt 00:00:11]} Rad8
{[%clk 00:08:10]} {[%emt 00:00:47]} 28. Nxa4 {[%clk 00:07:44]} {[%emt
00:00:20]} Nc7 {[%clk 00:07:43]} {[%emt 00:00:29]} 29. Nb6 {[%clk 00:07:20]}
{[%emt 00:00:25]} Na8 {[%clk 00:07:28]} {[%emt 00:00:17]} 30. Nxa8 {[%clk
00:06:21]} {[%emt 00:01:00]} Rxa8 {[%clk 00:07:29]} {[%emt 00:00:01]} 31. f5
{[%clk 00:06:18]} {[%emt 00:00:05]} Bc8 {[%clk 00:07:22]} {[%emt 00:00:10]} 32.
Rf1 {[%clk 00:04:55]} {[%emt 00:01:24]} d5 {[%clk 00:06:51]} {[%emt 00:00:33]}
33. cxd5 {[%clk 00:04:25]} {[%emt 00:00:32]} cxd5 {[%clk 00:06:48]} {[%emt
00:00:05]} 34. Qxd5 {[%clk 00:04:20]} {[%emt 00:00:06]} Rxa3 {[%clk 00:06:39]}
{[%emt 00:00:12]} 35. Bd6 {[%clk 00:03:40]} {[%emt 00:00:42]} Qd7 {[%clk
00:05:24]} {[%emt 00:01:17]} 36. fxg6+ {[%clk 00:03:19]} {[%emt 00:00:22]} fxg6
{[%clk 00:05:23]} {[%emt 00:00:03]} 37. Rf7 {[%clk 00:03:15]} {[%emt 00:00:06]}
Qe6 {[%clk 00:04:47]} {[%emt 00:00:38]} 38. b5 {[%clk 00:02:38]} {[%emt
00:00:39]} Qxd5 {[%clk 00:04:29]} {[%emt 00:00:21]} 39. exd5 {[%clk 00:02:34]}
{[%emt 00:00:06]} Ra2 {[%clk 00:03:54]} {[%emt 00:00:36]} 40. Nc3 {[%clk
00:02:33]} {[%emt 00:00:03]} Rc2 {[%clk 00:03:45]} {[%emt 00:00:11]} 41. Ne4
{[%clk 00:02:30]} {[%emt 00:00:05]} Kg8 {[%clk 00:03:17]} {[%emt 00:00:31]} 42.
Re7 {[%clk 00:02:29]} {[%emt 00:00:03]} Rxe7 {[%clk 00:02:59]} {[%emt
00:00:20]} 43. Bxe7 {[%clk 00:02:28]} {[%emt 00:00:02]} Be5+ {[%clk 00:03:00]}
{[%emt 00:00:01]} 44. Kh1 {[%clk 00:02:28]} {[%emt 00:00:02]} Nd7 {[%clk
00:02:44]} {[%emt 00:00:18]} 45. Nd6 {[%clk 00:02:25]} {[%emt 00:00:05]} Bxd6
{[%clk 00:01:56]} {[%emt 00:00:50]} 46. Bxd6 {[%clk 00:02:24]} {[%emt
00:00:02]} Nb6 {[%clk 00:01:55]} {[%emt 00:00:03]} 47. Be7 {[%clk 00:02:05]}
{[%emt 00:00:21]} Bd7 {[%clk 00:01:52]} {[%emt 00:00:06]} 48. d6 {[%clk
00:02:04]} {[%emt 00:00:03]} Bxb5 {[%clk 00:01:44]} {[%emt 00:00:10]} 49. Rb1
{[%clk 00:02:04]} {[%emt 00:00:02]} Bc6 {[%clk 00:01:27]} {[%emt 00:00:19]} 50.
Bxc6 {[%clk 00:02:01]} {[%emt 00:00:04]} Rxc6 {[%clk 00:01:28]} {[%emt
00:00:01]} 51. Rxb6 {[%clk 00:01:55]} {[%emt 00:00:08]} Rxb6 {[%clk 00:01:29]}
{[%emt 00:00:01]} 52. d7 {[%clk 00:01:55]} {[%emt 00:00:02]} Rb1+ {[%clk
00:01:27]} {[%emt 00:00:05]} 53. Kg2 {[%clk 00:01:55]} 1-0